000 00879nam a2200229 i 4500
001 29139
003 ES-MaACL
005 20250917063029.0
007 t|
008 030121s1876 fr ||||1| fre d
100 1 _aBard, Alphonse,
_d1850-1942
_9152209
245 1 3 _aLa Constitution française de 1875 étudiée dans ses rapports avec les constitutions étrangèresc / par A. Bard et P. Robiquet.
260 _aParis :
_bErnest Thorin,
_c1876 (
_ePoitiers :
_fA. Dupré)
300 _aVII, 400 p. ;
_c22 cm.
594 _aPrecede al tít.: Droit constitutionnel comparé.
610 1 4 _aFrancia.
_bConstitución, 1875.
_9152212
650 4 _aDerecho constitucional-
_zFrancia.
_9152211
700 1 _aRobiquet, Paul (
_d1848-1928)
_9152208
852 _aES-MaACL
_jB-333
_z.- 36 p. mas de catálogo editorial
852 _aES-MaACL
_jG-15025
999 _c29139
_d29139